| 000 | 00976nam a2200241 a 4500 | ||
|---|---|---|---|
| 008 | 120416s1978 ||||||||||||||||| || u | ||
| 020 | _a0416707300 | ||
| 050 | _aHD 596 Whi | ||
| 100 | _aWhitby, Martin Charles | ||
| 245 | 1 | 0 | _aRural resource development |
| 246 | _aan economic approach | ||
| 250 | _a2nd ed. / [by] M. C. Whitby and K. G. Willis. | ||
| 260 |
_aLondon _bMethuen _c1978 |
||
| 300 | _avii, 303p. : ill. | ||
| 350 | _a0.00 | ||
| 500 | _aBibliography: p. [282]-297. | ||
| 650 | _aLand use, Rural--Planning--Great Britain | ||
| 650 | _aRURAL DEVELOPMENT--GREAT BRITAIN | ||
| 650 | _aLAND | ||
| 700 | _aWillis, K. G. (Kenneth George) | ||
| 995 |
_aANNEX COLLECTION (Main Library) _D0.00 _e706319 _FCBU-MAIN LIBRARY (Kitwe) _H2 _I14.95 _jHD 596 Whi _M1 _UAVAILABLE _y004753 _ZAnnex Low-Usage Collection |
||
| 995 |
_aANNEX COLLECTION (Main Library) _D0.00 _e708852 _FCBU-MAIN LIBRARY (Kitwe) _H1 _I14.95 _jHD 596 Whi _M2 _UAVAILABLE _y004754 _ZAnnex Low-Usage Collection |
||
| 999 |
_c80282 _d80282 |
||